[Event "Marseille Hiver op"]
[Site "Marseille"]
[Date "2005.12.29"]
[Round "5"]
[White "Houard, Yannick"]
[Black "Brochet, Thierry"]
[Result "1-0"]
[WhiteElo "1964"]
[BlackElo "1763"]
[PlyCount "82"]
[EventDate "2005.12.27"]
[EventType "swiss"]
[EventRounds "9"]
[EventCountry "FRA"]
[SourceTitle "CBM 110 Extra"]
[Source "ChessBase"]
[SourceDate "2006.03.10"]
[SourceVersion "2"]
[SourceVersionDate "2006.03.10"]
[SourceQuality "1"]

1. e4 c5 2. Nf3 d6 3. d4 cxd4 4. Nxd4 Nf6 5. Nc3 g6 6. Bc4 Nc6 7. Bb3 Bg7 8.
Nde2 O-O 9. O-O Na5 10. h3 Nxb3 11. axb3 Bd7 12. Be3 a6 13. Nd4 Rc8 14. Qd2 Bc6
15. Nxc6 Rxc6 16. Bh6 Qc7 17. Bxg7 Kxg7 18. Rfd1 Rc8 19. Qd4 Kg8 20. Rd3 Qb6
21. Qxb6 Rxb6 22. f4 Rb4 23. e5 Rxf4 24. exf6 Rxf6 25. Re1 Re6 26. Rxe6 fxe6
27. Kf2 Rf8+ 28. Rf3 Rf6 29. Rxf6 exf6 30. Ne4 f5 31. Nxd6 b6 32. Nc4 b5 33.
Na5 Kf7 34. Nc6 g5 35. b4 Kf6 36. Nb8 f4 37. Nxa6 e5 38. Nc7 h5 39. Nxb5 g4 40.
Nc3 Kf5 41. b5 e4 1-0

[Event "Marseille Hiver op"]
[Site "Marseille"]
[Date "2005.12.29"]
[Round "6"]
[White "Jean, Olivier"]
[Black "Houard, Yannick"]
[Result "0-1"]
[WhiteElo "2190"]
[BlackElo "1964"]
[PlyCount "100"]
[EventDate "2005.12.27"]
[EventType "swiss"]
[EventRounds "9"]
[EventCountry "FRA"]
[SourceTitle "CBM 110 Extra"]
[Source "ChessBase"]
[SourceDate "2006.03.10"]
[SourceVersion "2"]
[SourceVersionDate "2006.03.10"]
[SourceQuality "1"]

1. Nf3 d5 2. c4 c6 3. d4 Nf6 4. Qc2 e6 5. Bg5 Nbd7 6. e3 Be7 7. Nc3 O-O 8. Rc1
a6 9. Bd3 h6 10. Bh4 dxc4 11. Bxc4 b5 12. Be2 Bb7 13. O-O Rc8 14. b4 Bxb4 15.
Ne4 Be7 16. Nc5 Nxc5 17. dxc5 Nd5 18. Bg3 Qa5 19. Be5 Bf6 20. Bxf6 Nxf6 21. Qb2
Rfd8 22. Rfd1 Rxd1+ 23. Bxd1 Rd8 24. Bb3 Qc7 25. h3 a5 26. a3 Ba6 27. Nd4 Qe5
28. Qa2 Bb7 29. Qd2 Qc7 30. Qe2 Qe7 31. Qf3 Nd5 32. Qe4 Qf6 33. Qc2 Qe5 34. Nf3
Qc7 35. e4 Nf4 36. e5 Qd7 37. Re1 Qd3 38. Qb2 Qg6 39. g3 Nxh3+ 40. Kf1 Ng5 41.
Bc2 Qh5 42. Nxg5 Qxg5 43. Re3 g6 44. Qc3 Qh5 45. Qxa5 Qh1+ 46. Ke2 Qd5 47. Kf1
Qh1+ 48. Ke2 Qd5 49. Kf1 Rd7 50. Qb6 Qc4+ 0-1

[Event "Marseille Hiver op"]
[Site "Marseille"]
[Date "2005.12.30"]
[Round "7"]
[White "Houard, Yannick"]
[Black "Silva, Raphael"]
[Result "1/2-1/2"]
[WhiteElo "1964"]
[BlackElo "1991"]
[PlyCount "41"]
[EventDate "2005.12.27"]
[EventType "swiss"]
[EventRounds "9"]
[EventCountry "FRA"]
[SourceTitle "CBM 110 Extra"]
[Source "ChessBase"]
[SourceDate "2006.03.10"]
[SourceVersion "2"]
[SourceVersionDate "2006.03.10"]
[SourceQuality "1"]

1. e4 c5 2. Nf3 Nc6 3. d4 cxd4 4. Nxd4 Nf6 5. Nc3 e5 6. Ndb5 d6 7. Bg5 a6 8.
Na3 b5 9. Nd5 Be7 10. Bxf6 Bxf6 11. c3 O-O 12. Nc2 Bg5 13. a4 bxa4 14. Rxa4 a5
15. Bc4 Kh8 16. Nce3 Bxe3 17. Nxe3 Rb8 18. Ra2 Ne7 19. O-O f5 20. exf5 Nxf5 21.
Nxf5 1/2-1/2

[Event "Rochefort op 5th"]
[Site "Rochefort"]
[Date "2006.02.15"]
[Round "2"]
[White "Houard, Yannick"]
[Black "Lagarde, Maxime"]
[Result "1-0"]
[WhiteElo "1967"]
[BlackElo "2102"]
[PlyCount "73"]
[EventDate "2006.02.15"]
[EventType "swiss"]
[EventRounds "9"]
[EventCountry "FRA"]
[SourceTitle "EXT 2007"]
[Source "ChessBase"]
[SourceDate "2006.11.23"]
[SourceVersion "1"]
[SourceVersionDate "2006.11.23"]
[SourceQuality "1"]

1. e4 c5 2. Nf3 g6 3. d4 cxd4 4. Nxd4 Nc6 5. Nc3 Bg7 6. Be3 Nf6 7. Bc4 O-O 8.
Bb3 Qa5 9. O-O d6 10. f3 Bd7 11. Qd2 Rfc8 12. Kh1 Ne5 13. f4 Neg4 14. Bg1 Qh5
15. Rae1 Nxh2 16. Bxh2 Ng4 17. Nf3 Rxc3 18. bxc3 Rc8 19. Qd5 Qxd5 20. exd5 Bxc3
21. Rxe7 Bb5 22. Rb1 Ba6 23. Bg1 Kf8 24. Re4 Nf6 25. Re3 Ng4 26. Rxc3 Rxc3 27.
Bxa7 Nh6 28. Bb8 Nf5 29. Kg1 Ke7 30. Ba7 h5 31. Kf2 Nh6 32. Re1+ Kd7 33. Bd4
Rc8 34. Ng5 Ng4+ 35. Kg3 Nh6 36. Kf3 Nf5 37. Bb2 1-0

[Event "Rochefort op 5th"]
[Site "Rochefort"]
[Date "2006.??.??"]
[Round "3"]
[White "Prie, Eric"]
[Black "Houard, Yannick"]
[Result "1-0"]
[WhiteElo "2467"]
[BlackElo "1967"]
[PlyCount "151"]
[EventDate "2006.02.15"]
[EventType "swiss"]
[EventRounds "9"]
[EventCountry "FRA"]
[SourceTitle "EXT 2007"]
[Source "ChessBase"]
[SourceDate "2006.11.23"]
[SourceVersion "1"]
[SourceVersionDate "2006.11.23"]
[SourceQuality "1"]

1. d4 d5 2. a3 c6 3. Nf3 Bf5 4. Bf4 Nf6 5. e3 e6 6. c4 Nbd7 7. Nc3 Be7 8. h3 h6
9. Bd3 Bxd3 10. Qxd3 a6 11. O-O O-O 12. e4 dxe4 13. Nxe4 Nxe4 14. Qxe4 Nf6 15.
Qe2 Bd6 16. Be5 Qe7 17. Rad1 Rac8 18. Rd3 Rfd8 19. Rfd1 Nd7 20. Bxd6 Qxd6 21.
b4 Qc7 22. Qd2 Nb6 23. Qc3 Nd7 24. Nd2 e5 25. Ne4 exd4 26. Rxd4 Nf8 27. Nd6 Ne6
28. R4d2 Ra8 29. c5 a5 30. Re1 axb4 31. axb4 b6 32. Rde2 Rxd6 33. cxd6 Qxd6 34.
Rd2 Qc7 35. Red1 c5 36. Qf3 Rf8 37. Rd7 Qe5 38. bxc5 bxc5 39. Qb3 Qg5 40. R7d5
Qg6 41. Qc4 Rb8 42. R1d3 Rb4 43. Qa6 Re4 44. Kh2 Qf6 45. Rf3 Rf4 46. Rxf4 Qxf4+
47. Kg1 Qc1+ 48. Qf1 Qf4 49. Rd3 Qe5 50. Ra3 Qe4 51. Qd3 Qe1+ 52. Kh2 Qe5+ 53.
Qg3 Qd5 54. Qb8+ Kh7 55. Ra7 Qf5 56. Kg1 Nf4 57. Qb7 Ne2+ 58. Kf1 Qd3 59. Ra1
Nd4+ 60. Kg1 Qc4 61. Qe4+ g6 62. Qe5 Qc3 63. Re1 Qd2 64. Qe7 Kg7 65. Re4 Qd3
66. Re3 Qd1+ 67. Kh2 Nf5 68. Qe5+ Kh7 69. Rc3 Qd2 70. Qxc5 Qf4+ 71. Kh1 Qe4 72.
Rf3 Qe1+ 73. Kh2 Qe6 74. Rd3 Kg7 75. Rd8 Qe4 76. Qc3+ 1-0

[Event "Rochefort op 5th"]
[Site "Rochefort"]
[Date "2006.02.15"]
[Round "4"]
[White "Fougerit, Valentin"]
[Black "Houard, Yannick"]
[Result "1/2-1/2"]
[WhiteElo "2169"]
[BlackElo "1967"]
[PlyCount "78"]
[EventDate "2006.02.15"]
[EventType "swiss"]
[EventRounds "9"]
[EventCountry "FRA"]
[SourceTitle "EXT 2007"]
[Source "ChessBase"]
[SourceDate "2006.11.23"]
[SourceVersion "1"]
[SourceVersionDate "2006.11.23"]
[SourceQuality "1"]

1. e4 e6 2. d4 d5 3. Nd2 c5 4. exd5 exd5 5. Ngf3 Bd6 6. dxc5 Bxc5 7. Nb3 Bd6 8.
Bb5+ Nc6 9. O-O Nge7 10. Kh1 O-O 11. h3 h6 12. Bxc6 bxc6 13. Be3 Bf5 14. a3 Re8
15. Nc5 Qc8 16. Ng1 Bg6 17. c3 Nf5 18. Bd4 Qc7 19. b4 Nxd4 20. cxd4 Bxc5 21.
bxc5 Qf4 22. Qa4 Bd3 23. Rfd1 Bb5 24. Qc2 Re4 25. Qd2 Qf6 26. f3 Re7 27. a4 Bc4
28. Re1 Rae8 29. Rxe7 Qxe7 30. Rb1 Qe3 31. Qxe3 Rxe3 32. Rb8+ Kh7 33. Rc8 Ra3
34. Rxc6 Rxa4 35. f4 Bb5 36. Rc7 Rxd4 37. Rxa7 Rc4 38. Ra5 Rxc5 39. Ne2 Rc2
1/2-1/2

[Event "Rochefort op 5th"]
[Site "Rochefort"]
[Date "2006.02.15"]
[Round "6"]
[White "Houard, Yannick"]
[Black "Nanu, Ciprian Costica"]
[Result "1/2-1/2"]
[WhiteElo "1967"]
[BlackElo "2436"]
[PlyCount "61"]
[EventDate "2006.02.15"]
[EventType "swiss"]
[EventRounds "9"]
[EventCountry "FRA"]
[SourceTitle "EXT 2007"]
[Source "ChessBase"]
[SourceDate "2006.11.23"]
[SourceVersion "1"]
[SourceVersionDate "2006.11.23"]
[SourceQuality "1"]

1. e4 c6 2. d4 d5 3. exd5 cxd5 4. Bd3 Nf6 5. c3 Nc6 6. Bf4 Bg4 7. Qb3 Qc8 8.
Nd2 e6 9. Ngf3 Be7 10. O-O O-O 11. Rae1 Bh5 12. Ne5 Bg6 13. Bxg6 hxg6 14. Bg5
Bd6 15. f4 Rb8 16. Qd1 Qc7 17. Re3 Nh7 18. Qg4 Nxg5 19. Qxg5 Ne7 20. Qg4 Nf5
21. Rh3 Be7 22. Qe2 b5 23. g4 Nd6 24. Nxg6 fxg6 25. Qxe6+ Rf7 26. Qxg6 Bd8 27.
Qh7+ Kf8 28. Re1 Re7 29. Qh8+ Kf7 30. Qh5+ Kf8 31. Qh8+ 1/2-1/2

[Event "Rochefort op 5th"]
[Site "Rochefort"]
[Date "2006.02.15"]
[Round "7"]
[White "Sandu, Mihaela"]
[Black "Houard, Yannick"]
[Result "1-0"]
[WhiteElo "2157"]
[BlackElo "1967"]
[PlyCount "95"]
[EventDate "2006.02.15"]
[EventType "swiss"]
[EventRounds "9"]
[EventCountry "FRA"]
[SourceTitle "EXT 2007"]
[Source "ChessBase"]
[SourceDate "2006.11.23"]
[SourceVersion "1"]
[SourceVersionDate "2006.11.23"]
[SourceQuality "1"]

1. e4 e6 2. d4 d5 3. Nc3 Nf6 4. Bg5 Bb4 5. e5 h6 6. Be3 Ne4 7. a3 Bxc3+ 8. bxc3
c5 9. Qg4 g6 10. Bd3 Nxc3 11. dxc5 Nc6 12. f4 Qe7 13. Nf3 Bd7 14. Qg3 O-O-O 15.
O-O d4 16. Nxd4 Nxd4 17. Bxd4 Bc6 18. Qf2 Nd5 19. a4 Nb4 20. Bb5 Qc7 21. c3 Nd5
22. Bc4 Ne7 23. a5 a6 24. Qe2 Nf5 25. Bf2 g5 26. fxg5 Rhg8 27. Be3 Nxe3 28.
Qxe3 Rxg5 29. g3 Rdg8 30. Rad1 h5 31. Rf4 Rxe5 32. Qf2 Rg7 33. Rfd4 Rg8 34. Rf4
Rg7 35. Rfd4 Rg8 36. Rd6 Reg5 37. Qf4 Qxa5 38. Qxf7 Qxc5+ 39. R1d4 e5 40. Rxc6+
Qxc6 41. Be6+ Kb8 42. Rc4 Qb6+ 43. Kg2 Rd8 44. Bd5 a5 45. Rc5 Rf5 46. Qe7 Rdf8
47. c4 Qb2+ 48. Kh3 1-0

[Event "FRA-ch U20"]
[Site "Aix les Bains"]
[Date "2006.04.??"]
[Round "2"]
[White "Houard, Yannick"]
[Black "Perez, Flavio"]
[Result "1/2-1/2"]
[WhiteElo "2010"]
[BlackElo "2230"]
[PlyCount "79"]
[EventDate "2006.04.??"]
[EventType "swiss"]
[EventRounds "8"]
[EventCountry "FRA"]
[SourceTitle "EXT 2007"]
[Source "ChessBase"]
[SourceDate "2006.11.23"]
[SourceVersion "1"]
[SourceVersionDate "2006.11.23"]
[SourceQuality "1"]

1. d4 d6 2. e4 g6 3. Nc3 Bg7 4. f4 Nf6 5. Nf3 c5 6. Bb5+ Nc6 7. dxc5 Qa5 8. O-O
dxc5 9. Ne5 Bd7 10. Bxc6 Bxc6 11. Nxc6 bxc6 12. Qe2 O-O 13. e5 Nd5 14. Ne4 Rfd8
15. c4 Nc7 16. Be3 Ne6 17. Qf2 Nd4 18. Rfd1 f6 19. exf6 exf6 20. Bxd4 cxd4 21.
Rxd4 f5 22. Nd6 Bxd4 23. Qxd4 Rab8 24. b3 Qc7 25. c5 Qg7 26. Qc4+ Kf8 27. Re1
Rd7 28. Qb4 Rbd8 29. h3 Re7 30. Kh2 Rxe1 31. Qxe1 Qf6 32. Qa5 Rd7 33. Qa6 Rc7
34. Qa5 Re7 35. Qa6 Rc7 36. Qa5 Qe7 37. Qb4 Rd7 38. Qa4 Qe3 39. Qc4 Re7 40. a4
1/2-1/2

[Event "FRA-ch U20"]
[Site "Aix les Bains"]
[Date "2006.04.??"]
[Round "3"]
[White "Garro, Pierre"]
[Black "Houard, Yannick"]
[Result "1/2-1/2"]
[WhiteElo "2126"]
[BlackElo "2010"]
[PlyCount "47"]
[EventDate "2006.04.??"]
[EventType "swiss"]
[EventRounds "8"]
[EventCountry "FRA"]
[SourceTitle "EXT 2007"]
[Source "ChessBase"]
[SourceDate "2006.11.23"]
[SourceVersion "1"]
[SourceVersionDate "2006.11.23"]
[SourceQuality "1"]

1. e4 e6 2. d4 d5 3. Nd2 c5 4. exd5 exd5 5. Bb5+ Nc6 6. Ngf3 Bd6 7. dxc5 Bxc5
8. O-O Nge7 9. Nb3 Bd6 10. Nfd4 O-O 11. Kh1 a6 12. Be2 h6 13. Be3 Ne5 14. Nd2
Qc7 15. f4 Nc4 16. Nxc4 dxc4 17. Bf3 Nf5 18. Nxf5 Bxf5 19. Qd5 Bxc2 20. Qxb7
Rab8 21. Qxc7 Bxc7 22. Rfc1 Bd3 23. b3 Bd6 24. Rd1 1/2-1/2

[Event "FRA-ch U20"]
[Site "Aix les Bains"]
[Date "2006.04.??"]
[Round "4"]
[White "Houard, Yannick"]
[Black "Lacroix, Romain"]
[Result "1-0"]
[WhiteElo "2010"]
[BlackElo "2063"]
[PlyCount "73"]
[EventDate "2006.04.??"]
[EventType "swiss"]
[EventRounds "8"]
[EventCountry "FRA"]
[SourceTitle "EXT 2007"]
[Source "ChessBase"]
[SourceDate "2006.11.23"]
[SourceVersion "1"]
[SourceVersionDate "2006.11.23"]
[SourceQuality "1"]

1. d4 d5 2. c4 e6 3. Nc3 Nf6 4. cxd5 exd5 5. Bg5 Be7 6. e3 O-O 7. Bd3 c6 8. Qc2
h6 9. Bh4 Be6 10. Nge2 Nbd7 11. a3 a6 12. O-O Re8 13. Rfc1 Nf8 14. Na4 N6d7 15.
Bg3 Bh4 16. b4 Bxg3 17. hxg3 b5 18. Nc5 Nb6 19. Nb7 Qb8 20. Qxc6 Nc4 21. Bxc4
dxc4 22. Nc5 Bg4 23. Nf4 Rc8 24. Qe4 Re8 25. Qc2 Qd6 26. Re1 g5 27. Ne2 Bxe2
28. Qxe2 Nd7 29. Qf3 Nxc5 30. dxc5 Qe6 31. Red1 Red8 32. Rd6 Qe7 33. Rad1 Kg7
34. Qd5 Rxd6 35. cxd6 Qd8 36. d7 Ra7 37. Qd4+ 1-0

[Event "FRA-ch U20"]
[Site "Aix les Bains"]
[Date "2006.04.??"]
[Round "5"]
[White "Pieroni, Guillaume"]
[Black "Houard, Yannick"]
[Result "1/2-1/2"]
[WhiteElo "2170"]
[BlackElo "2010"]
[PlyCount "91"]
[EventDate "2006.04.??"]
[EventType "swiss"]
[EventRounds "8"]
[EventCountry "FRA"]
[SourceTitle "EXT 2007"]
[Source "ChessBase"]
[SourceDate "2006.11.23"]
[SourceVersion "1"]
[SourceVersionDate "2006.11.23"]
[SourceQuality "1"]

1. e4 e6 2. d4 d5 3. Nc3 Nf6 4. exd5 exd5 5. Bg5 Be7 6. Nf3 Bg4 7. h3 Be6 8.
Bd3 Nc6 9. a3 a6 10. O-O h6 11. Bf4 O-O 12. Re1 Bd6 13. Qd2 Bxf4 14. Qxf4 Nh5
15. Qd2 Qf6 16. Bf1 Nf4 17. Ne5 Qg5 18. Kh2 Nxh3 19. Qxg5 Nxg5 20. Nxc6 bxc6
21. Na4 Bf5 22. Nc5 a5 23. Re7 Ra7 24. Bd3 Bxd3 25. cxd3 Ne6 26. Nxe6 fxe6 27.
f3 Rb7 28. b4 axb4 29. axb4 Rf6 30. Ra6 Rxb4 31. Rxc6 Rxd4 32. Rcxc7 Rg6 33.
Rc3 Rh4+ 34. Kg1 Ra4 35. Rc2 h5 36. Kf2 Ra8 37. Re2 Ra6 38. g3 Ra3 39. R7xe6
Rxe6 40. Rxe6 Rxd3 41. Re5 g6 42. Ke2 Rd4 43. Ke3 Rd1 44. Ke2 Rd4 45. Ke3 Rd1
46. Ke2 1/2-1/2

[Event "FRA-ch U20"]
[Site "Aix les Bains"]
[Date "2006.04.??"]
[Round "6"]
[White "Houard, Yannick"]
[Black "Jolly, Jean Francois"]
[Result "0-1"]
[WhiteElo "2010"]
[BlackElo "2211"]
[PlyCount "88"]
[EventDate "2006.04.??"]
[EventType "swiss"]
[EventRounds "8"]
[EventCountry "FRA"]
[SourceTitle "EXT 2007"]
[Source "ChessBase"]
[SourceDate "2006.11.23"]
[SourceVersion "1"]
[SourceVersionDate "2006.11.23"]
[SourceQuality "1"]

1. e4 c5 2. Nf3 d6 3. d4 cxd4 4. Nxd4 Nf6 5. Nc3 a6 6. Be2 e6 7. O-O Be7 8. f4
Qc7 9. a4 O-O 10. Be3 Nc6 11. Kh1 Rb8 12. Bd3 e5 13. Nf3 b6 14. Qe1 exf4 15.
Bxf4 Ne5 16. Nd4 Re8 17. Qe2 Ra8 18. Qe1 Bd8 19. Qd2 Qc5 20. Nb3 Qc7 21. Nd4
Ng6 22. Bg3 Nh5 23. Bf2 Nf6 24. Bg3 Nh5 25. Bf2 h6 26. Be3 Nf6 27. Nd5 Nxd5 28.
exd5 Ne5 29. b3 Ng4 30. Bg1 Bg5 31. Qd1 Be3 32. Be2 Nf6 33. Bxe3 Rxe3 34. c4
Qe7 35. Bf3 Bd7 36. Qd2 Re8 37. Qb4 Qe5 38. Rad1 Ng4 39. Bxg4 Bxg4 40. Nf3 Bxf3
41. Rxf3 Rxf3 42. gxf3 Qe2 43. Qd2 Qxf3+ 44. Kg1 Re2 0-1

[Event "FRA-ch U20"]
[Site "Aix les Bains"]
[Date "2006.04.??"]
[Round "7"]
[White "Houard, Yannick"]
[Black "Zharkov, Hleb"]
[Result "0-1"]
[WhiteElo "2010"]
[BlackElo "2214"]
[PlyCount "88"]
[EventDate "2006.04.??"]
[EventType "swiss"]
[EventRounds "8"]
[EventCountry "FRA"]
[SourceTitle "EXT 2007"]
[Source "ChessBase"]
[SourceDate "2006.11.23"]
[SourceVersion "1"]
[SourceVersionDate "2006.11.23"]
[SourceQuality "1"]

1. d4 Nf6 2. Nf3 e6 3. Bg5 h6 4. Bxf6 Qxf6 5. e4 Nc6 6. c3 g6 7. e5 Qe7 8. Nbd2
Bg7 9. Bd3 d6 10. exd6 cxd6 11. O-O O-O 12. Re1 Qc7 13. h3 e5 14. Nb3 f5 15.
dxe5 dxe5 16. Bf1 Be6 17. Qe2 Bf7 18. Red1 Rad8 19. Rxd8 Rxd8 20. Rd1 Rxd1 21.
Qxd1 e4 22. Nfd4 Qd6 23. Be2 Nxd4 24. Nxd4 a6 25. a3 f4 26. Qd2 Be5 27. Kh1 Kg7
28. Bg4 h5 29. Be2 Qf6 30. Kg1 Bc7 31. Bf1 Qe5 32. Nc2 Bb6 33. Nd4 Bd5 34. Qe2
Bxd4 35. cxd4 Qxd4 36. Qc2 Bc6 37. Qe2 Kf6 38. Qc2 e3 39. fxe3 Qxe3+ 40. Kh2 f3
41. Qd1 fxg2 42. Qd8+ Kg7 43. Bxg2 Qf2 44. Qe7+ Kh6 0-1

[Event "CHN-chT 2nd"]
[Site "China"]
[Date "2006.04.04"]
[Round "1"]
[White "Xu, Yuhua"]
[Black "Hou, Yifan"]
[Result "0-1"]
[WhiteElo "2517"]
[BlackElo "2298"]
[PlyCount "132"]
[EventDate "2006.04.04"]
[EventType "team-tourn"]
[EventRounds "18"]
[EventCountry "CHN"]
[SourceTitle "EXT 2017"]
[Source "ChessBase"]
[SourceDate "2016.10.25"]
[SourceVersion "1"]
[SourceVersionDate "2016.10.25"]
[SourceQuality "1"]
[WhiteTeam "Zhejiang"]
[BlackTeam "Shandong"]
[WhiteTeamCountry "CHN"]
[BlackTeamCountry "CHN"]

1. e4 c5 2. Nf3 d6 3. Bb5+ Bd7 (3... Nd7) 4. Bxd7+ Qxd7 5. O-O Nf6 6. Qe2 Nc6
7. Rd1 e6 (7... g5 8. c3 g4 9. Nh4 Qe6 10. d3 c4 11. dxc4 Qxe4 12. Be3 Bh6 13.
Nd2 Qe5 14. Nf5 Bxe3 15. Nxe3 h5 16. Qd3 e6 17. Re1 Qg5 18. f4 gxf3 19. Nxf3
Ne5 20. Nxg5 Nxd3 21. Red1 Nxb2 22. Rf1 Rg8 23. h4 Nd7 24. Nxf7 b6 25. Rae1 Nc5
26. Nd5 Nxc4 27. Ng5 Ne5 28. Nc7+ Ke7 29. Nxa8 Rxa8 30. Re3 Ncd7 31. Rg3 Nf6
32. Nh3 Neg4 33. Nf4 Rg8 34. c4 a5 35. Rb3 e5 36. Nd5+ Nxd5 37. cxd5 {Vachier
Lagrave,M (2768)-Jobava,B (2713) Tromso 2014 1-0 (139)}) 8. b3 Be7 9. Bb2 O-O
10. c4 e5 11. Nc3 Nd4 12. Qd3 Qg4 $132 13. Nxd4 cxd4 14. f3 Qg6 15. Ne2 Rfe8
16. Ng3 Bf8 17. Rf1 d5 18. Rac1 a6 19. Qe2 dxe4 20. fxe4 Qg4 21. Rf3 Qe6 22.
Rcf1 Nd7 23. Bc1 g6 24. d3 f6 25. h4 Qg4 26. h5 Bg7 27. Qe1 Qh4 28. h6 Bf8 29.
R1f2 Qg4 30. Rf1 Qe6 31. Nh1 b5 32. Qh4 Be7 33. Ng3 bxc4 34. dxc4 Bf8 35. Bd2
a5 36. a4 Ra6 37. Kh2 Rb8 38. Nh1 Rab6 39. Qg3 Nc5 40. Qe1 Nxb3 41. Bxa5 Nxa5
42. Qxa5 Bxh6 43. Rxf6 Qxf6 44. Rxf6 Rxf6 45. g3 $2 (45. c5 Bf4+ 46. g3 Be3 47.
c6 Rc8 (47... Rxc6 48. Qd5+) 48. Qd5+) 45... Rb2+ 46. Kh3 Rf1 47. Qd5+ Kh8 48.
Qxe5+ Bg7 49. Qe8+ Bf8 50. Qe5+ Bg7 51. Qe8+ Rf8 52. Qd7 h5 53. Qd5 Rf1 54. e5
Rbb1 55. e6 Rxh1+ 56. Kg2 Rhg1+ 57. Kh3 Rge1 58. a5 Re2 59. a6 Rbb2 60. Qh1 Ra2
61. g4 Ra3+ 62. Kh4 Bf6+ 63. g5 Be7 64. c5 Rxa6 65. c6 Bd6 66. e7 Ra8 0-1

[Event "CHN-chT 2nd"]
[Site "China"]
[Date "2006.04.05"]
[Round "2"]
[White "Hou, Yifan"]
[Black "Guo, Jun"]
[Result "1-0"]
[WhiteElo "2298"]
[BlackElo "2291"]
[PlyCount "77"]
[EventDate "2006.04.04"]
[EventType "team-tourn"]
[EventRounds "18"]
[EventCountry "CHN"]
[SourceTitle "EXT 2017"]
[Source "ChessBase"]
[SourceDate "2016.10.25"]
[SourceVersion "1"]
[SourceVersionDate "2016.10.25"]
[SourceQuality "1"]
[WhiteTeam "Shandong"]
[BlackTeam "Wuxi Huafang Construction Team"]
[WhiteTeamCountry "CHN"]
[BlackTeamCountry "CHN"]

1. e4 c5 2. Nf3 e6 3. d4 cxd4 4. Nxd4 Nc6 5. Nc3 Nf6 6. Nxc6 $1 bxc6 7. e5 Nd5
8. Ne4 Qc7 9. f4 Qb6 10. c4 Bb4+ 11. Ke2 Ba6 12. Kf3 f5 13. Nf2 Ne7 14. Be3 Bc5
15. Bxc5 Qxc5 16. Qd6 $1 Qb6 17. b3 c5 18. Kg3 $5 {Une ligne secondaire mais
le K Blanc ne craint pas grand-chose dans cette variante 6.Nc6} (18. Rd1 Bb7+
19. Kg3 Qxd6 20. exd6 Ng8 21. Nd3 Rc8 22. Be2 Nh6 23. Bh5+ g6 24. Bf3 Bxf3 25.
gxf3 Nf7 26. h4 O-O 27. h5 Rfe8 28. Rh2 gxh5 29. Ne5 Nxe5 30. fxe5 h6 31. Kf4
Kh7 32. Rdh1 Rg8 33. Rxh5 Rg6 34. R5h2 Kg7 35. Rc2 a5 36. a3 Rb8 37. Rb2 Kf7
38. Ke3 Ke8 39. b4 axb4 40. axb4 cxb4 41. Rhb1 Kd8 42. Rxb4 Rxb4 43. Rxb4 Kc8
44. c5 Rg1 45. c6 dxc6 46. Rh4 Re1+ 47. Kf4 c5 {Fedorchuk,S (2633)-Petrov,M 
(2477) Tournefeuille 2009 1-0}) (18. Be2) 18... Bb7 19. Be2 Kf7 (19... Qxd6 20.
exd6 Ng8 21. Bf3 Bxf3 22. Kxf3) 20. Rhd1 Rhd8 21. Qd2 $5 $146 {[%cal Gd2e3,
Ge3b6,Gd1d6]} (21. Rd2 g6 22. Rad1 Ke8 23. h4 Qxd6 24. Rxd6 a5 25. h5 Bc6 26.
hxg6 hxg6 27. Nh3 a4 28. Ng5 axb3 29. axb3 Rab8 30. Rh1 Kf8 31. Rh8+ Ng8 32.
Bd1 Ra8 33. Bc2 Kg7 34. Rh7+ Kf8 35. Rd1 Ke8 36. Rg7 Kf8 37. Rf7+ Ke8 38. Rh1 {
1-0 (38) Grabics,M (2225)-Horvath,P (2420) Balatonbereny 1996}) 21... Rac8 (
21... Nc8 $5 {[%csl Gd6][%cal Ga7a5,Ga5a4]}) 22. Qe3 Nc6 23. Rd6 $36 {La
position Noire est très difficile à jouer} Qa5 24. Bf3 $1 {[%csl Rb7]} Rc7
25. Nd3 $40 Nb4 26. Bxb7 Nxd3 27. Bd5 $1 Nxf4 28. Kxf4 exd5 29. Rxd5 {Malgré
la simplification, les Noirs auront du mal à annuler cette finale de pièces
lourdes} Qb6 30. Rd6 (30. Rad1 {[%csl Gd5][%cal Ge5e6,Gd5d8]}) 30... Rc6 31.
Rad1 {[%cal Ge5e6]} Rxd6 32. Rxd6 Qc7 33. Rd5 (33. Qd3 {[%cal Gd3d5]}) 33...
Rc8 $6 34. Qd3 Ke7 $2 35. Rd6 g6 36. Qh3 $1 Rh8 37. Qh6 Kf7 38. Rf6+ Ke8 39.
Qg7 1-0

[Event "CHN-chT 2nd"]
[Site "China"]
[Date "2006.04.06"]
[Round "3"]
[White "Tan, Zhongyi"]
[Black "Hou, Yifan"]
[Result "1/2-1/2"]
[WhiteElo "2276"]
[BlackElo "2298"]
[PlyCount "108"]
[EventDate "2006.04.04"]
[EventType "team-tourn"]
[EventRounds "18"]
[EventCountry "CHN"]
[SourceTitle "EXT 2017"]
[Source "ChessBase"]
[SourceDate "2016.10.25"]
[SourceVersion "1"]
[SourceVersionDate "2016.10.25"]
[SourceQuality "1"]
[WhiteTeam "Chongqing"]
[BlackTeam "Shandong"]
[WhiteTeamCountry "CHN"]
[BlackTeamCountry "CHN"]

1. d4 e6 2. c4 Nf6 3. Nc3 Bb4 4. Qc2 O-O 5. a3 Bxc3+ 6. Qxc3 d6 (6... b6 {
La grande ligne}) 7. Bg5 Nbd7 8. f3 (8. e3 b6 9. Ne2 Ba6 10. Rd1 h6 11. Bxf6
Nxf6 12. Ng3 c5 13. Be2 Qc7 14. O-O Rac8 15. Rc1 cxd4 16. Qxd4 Rfd8 17. Qd2 Qb8
18. Rfd1 d5 19. cxd5 Rxd5 20. Qe1 Rxc1 21. Rxc1 Bxe2 22. Qxe2 Qd8 23. h3 Rd3
24. Nh5 Nxh5 25. Qxh5 Rd2 26. Qe5 Rxf2 27. Kxf2 Qd2+ 28. Kf3 Qxc1 29. Qb8+ Kh7
30. Qxa7 Qf1+ 31. Kg3 Qe1+ 32. Kh2 Qxe3 33. Qxf7 b5 34. Qd7 Qf4+ 35. Kg1 Qc1+
36. Kh2 Qf4+ 37. Kg1 Qc4 {Nakamura,H (2799)-Jakovenko,D (2738) Khanty-Mansiysk
2015 1/2-1/2}) 8... d5 (8... b6) (8... e5) 9. e3 Re8 10. Bd3 c6 $5 {[%cal
Ge6e5]} (10... h6 11. Bh4 e5 12. Ne2 exd4 {Le,Q (2699)-Kunte,A (2493) Asian
Continental op 14th 2015 (4) 1-0}) 11. Ne2 h6 12. Bh4 e5 13. cxd5 Nxd5 14. Bxd8
Nxc3 15. bxc3 Rxd8 16. Kf2 b6 $146 (16... c5 17. Rac1 b6 18. Rhd1 Bb7 19. Bb5
cxd4 20. cxd4 exd4 21. Nxd4 Nc5 22. Nf5 Rxd1 23. Rxd1 Kf8 24. g4 a6 25. Bc4 b5
26. Be2 Re8 27. Rd6 Rc8 28. h4 Bc6 29. Nd4 Bd7 30. Rd5 Ke7 31. Nf5+ Bxf5 32.
gxf5 Na4 33. Rd3 Rc2 34. Ke1 Nc3 35. Bf1 a5 36. Rd2 Rxd2 37. Kxd2 Nb1+ 38. Kd3
Nxa3 39. Kd4 Nc2+ 40. Kd3 Ne1+ 41. Ke2 a4 {0-1 (41) Gurevich,M (2691)-Psakhis,
L (2575) Ohrid 2001}) 17. Rhd1 Bb7 18. e4 Kf8 19. Ke3 exd4+ (19... Ke7) 20.
cxd4 c5 21. d5 Ne5 $11 22. Nc3 (22. Bc2 f5 23. Nf4 $13 {[%cal Gf4e6]} (23. f4
$2 Ng4+)) 22... f5 23. Kf4 fxe4 24. fxe4 Ng6+ 25. Kg3 Ne5 26. Kf4 Ng6+ 27. Kg3
Ne5 {Une répétition de coups pour gagner du temps à la pendule} 28. Kf4 Nf7
(28... Nxd3+ 29. Rxd3 {[%cal Ge4e5]} Ke7 30. e5 $36 {[%csl Gd5,Ge5]}) 29. Be2
g5+ 30. Ke3 Kg7 31. Nb5 $1 {[%cal Gb5c7,Gc7a8,Gc7e6]} Rd7 32. Bg4 Re7 33. Bf5
Rae8 34. d6 $1 (34. Rac1 $6 a6 35. Nc3 Nd6 $15 {[%csl Gd6,Re4,Rf5][%cal Ge7e3]}
) 34... Bxe4 35. dxe7 Bxf5 36. Kf2 Rxe7 37. Re1 Ne5 38. Kg1 a6 39. Nd6 Bd3 40.
Nc8 Re6 41. Nxb6 Nf3+ 42. gxf3 Rxb6 43. Kf2 c4 44. Ke3 Rb2 45. h4 gxh4 46. Rh1
Re2+ 47. Kd4 Rf2 48. Rag1+ Kh7 49. Rh3 Bf5 50. Rxh4 Rxf3 51. Kxc4 Rxa3 52. Kd5
Rb3 53. Ke5 Bg6 54. Rc4 Rb5+ 1/2-1/2